Autentifikácia operátora na základe tváre

Salvato in:
Dettagli Bibliografici
Autore principale: Hetnerovič, Branislav (Autore)
Altri autori: Tölgyessy, Michal (Relatore della tesi)
Natura: Manoscritto Libro
Lingua:slovacco
Pubblicazione: 2025
Soggetti:
Accesso online:http://is.stuba.sk/zp/portal_zp.pl?podrobnosti=184587
Tags: Aggiungi Tag
Nessun Tag, puoi essere il primo ad aggiungerne!!

MARC

LEADER 00000ntm a22000003a 4500
001 stuzp102227
003 SK-STU
005 20250614211046.5
007 ta
008 150427s2015----xo-----f-mn---000-0-slo-d
040 |a STU  |b slo 
041 0 |a slo 
100 1 |a Hetnerovič, Branislav  |u 031000  |4 aut  |U FEI Fakulta elektrotechniky a informatiky  |T FEI Ústav robotiky a kybernetiky  |X 111976  |U E011  |Y 356  |7 111976 
242 0 1 |a Operator Authentication Based on Face  |y eng 
245 1 0 |a Autentifikácia operátora na základe tváre 
260 |c 2025 
650 4 |a operator  |2 eng 
650 4 |a face  |2 eng 
650 4 |a Recognition  |2 eng 
650 4 |a siamese neural network  |2 eng 
650 4 |a detection  |2 eng 
650 4 |a tvár  |2 slo 
650 4 |a operátor  |2 slo 
650 4 |a siamská neurónová sieť  |2 slo 
650 4 |a detekcia  |2 slo 
650 4 |a Rozpoznanie  |2 slo 
700 1 |a Tölgyessy, Michal  |u 031000  |k Z1  |4 ths  |U FEI Fakulta elektrotechniky a informatiky  |T FEI Ústav robotiky a kybernetiky  |X 22286  |U E011  |Y 356  |7 A000022286 
856 4 |u http://is.stuba.sk/zp/portal_zp.pl?podrobnosti=184587